Ligue 1 2004-2005: Les Leaders par journée - Statistiques

Statistiques générales
  • Ce quiz a été pris 57 fois
  • Le résultat moyen est 5 sur 7
Statistiques - réponses
Réponse % Correct
Olympique Lyonnais
100%
Olympique de Marseille
94%
AS Monaco
76%
Lille OSC
76%
RC Lens
72%
Toulouse FC
59%
FC Metz
50%
Aucun quiz correspondant
Distribution des résultats
% des personnes avec chaque résultat
Percentile par nombre de réponses
Votre historique - résultats
Vous n’avez pas pris ce quiz